| 000 | 00000nas 2200000za 4500 |
| 001 | 9.504493 |
| 003 | CaOODSP |
| 005 | 20200325104247 |
| 007 | cr ||||||||||| |
| 008 | 150406u19969999onc x m o||||f| |0eng|d |
| 040 | |aCaOODSP|beng |
| 043 | |an-cn--- |
| 086 | 1 |aSC94-61E-PDF |
| 110 | 1 |aCanada.|bCanadian Centre for Management Development. |
| 245 | 10|aResearch paper (Canadian Centre for Management Development) |h[electronic resource]. |
| 260 | |a[Ottawa] : |bCanadian Centre for Management Development. |
| 310 | |aIrregular |
| 775 | 08|tRapport de recherche (Centre canadien de gestion) |w(CaOODSP)9.501133 |
| 776 | 0#|tResearch paper |w(CaOODSP)9.509634 |
| 776 | 0#|tRapport de recherche |w(CaOODSP)9.509635 |